000 01017 a2200169 4500
003 Nust
005 20221205123726.0
040 _cNust
082 _a230,KHA
100 _aKhan, Abdul Waheed
245 _aInter-faith essays and other articles /
_cAbdul Waheed Khan
260 _bKarachi
300 _a93 p.;
505 _aIslam is Under Attack (Page-5), Interfaith Dialogue (Page-9), Open Your Eyes (Page-11), Prophet Muhammad (P.B.U.H.), in Hinduism (Page-13), Buddhism (Page-16), Religion of Jesus (Page-24),The Easter Service (Page-29), Prok Eating is Dangerous to Health (Page-31), Qadiyaniat (Page-34), Holy Quran is a Mathematical Miracle (Page-41), The Curse of Usury and Interest (Page-46), The Journey of a Man (Page-53), Prayer (Page-58), Your Duty towards Your Parents (Page-61), The Holy Quran at a Glance (Page-67), Letter to Bishop (Page-78), The Crisis in His Faith (Page-83), Knowledge (Page-86), Propagation of Islam (Page-88).
650 _aChristianity
_9104129
942 _2ddc
_cBK
_k230,KHA
999 _c188860
_d188860